• 首页
  • 本馆介绍
  • 公告通知
  • 最新文献
  • 馆藏检索
  • 电子资源
  • 读者导购
  • 参考咨询
  • 我的图书馆
  • 登录
  • 详细信息显示
  • 放入我的书架
  • 预约/预借图书
  • 作者相关作品
  • 分类相关作品
  • 丛书相关作品
  • 出版社相关作品

书目信息

  • 表格格式
  • 工作单格式
  • 卡片格式
题名:
苏维埃俄罗斯文学
    
 
作者: 斯洛宁 , slonin 著 ;浦立民 , 刘峰 译
分册:  
出版信息: 上海   上海译文出版社  1983
页数: 442页
开本: 21cm
丛书名:
单 册:
中图分类: I512.14 , I512.095
科图分类:
主题词: 文学--作品--苏联--近代--选集 , 文学
电子资源:
ISBN:
000 00873nam0 2200313 45
001 0183010338
005 20040412150037.6
010    @dCNY1.40
091    @a10188.406
100    @a19950605d1983 em y0chiy0121 ea
101 1  @achi@crus
102    @aCN@b310000
105    @ay z 000zy
106    @ar
200 10 @a苏维埃俄罗斯文学@Asu wei ai e luo si wen xue@e1917-1977@f(美)斯洛宁(Slonin, M.)著@g浦立民, 刘峰译
210    @a上海@c上海译文出版社@d1983
215    @a442页@d21cm
300    @a内部发行
606    @a文学@x作品@y苏联@y近代@x选集
606 0  @a文学
690    @aI512.14@v3
690    @aI512.095
701  1 @a斯洛宁@Asi luo ning@bM.@4著
701 A1 @aslonin@bM.@4著
702  0 @a浦立民@Apu li min@4译
702  0 @a刘峰@Aliu feng@4译
801  0 @aCN@b上海图书馆@c20040412
801  2 @aCN@bNLC@c20040412
905    @f1@b177833@dI512.095@e381
    
    苏维埃俄罗斯文学:1917-1977/(美)斯洛宁(Slonin, M.)著/浦立民, 刘峰译.-上海:上海译文出版社,1983
    442页;21cm
    内部发行
    
    ISBN :CNY1.40
    
●
相关链接 在E读中查询图书 在五车中查询图书 在当当中查询图书 在豆瓣中查询图书


正题名:苏维埃俄罗斯文学     索取号:I512.095/381         预约/预借

序号 登录号 条形码 馆藏地/架位号 状态 备注
1 0177833   000651440   第二借阅区/ [索取号:I512.095/381] 在馆    
2 0177834   000651431   第一样本阅览室/ [索取号:I512.095/381] 在馆    
唐山师范学院图书馆 欢迎您!
大连网信软件有限公司© 版权所有